Statistiques concernant Géographie par lettre - L

Cliquez ici pour prendre le quiz!

Statistiques générales

  • Ce quiz a été pris 23 818 fois
  • Le résultat moyen est 15 sur 24

Statistiques - réponses

allusionréponse% Correct
Capitale de l'AngleterreLondres
100%
Musée contenant La JocondeLouvre
99%
Capitale du PortugalLisbonne
98%
Pays limitrophe de la LettonieLituanie
95%
Langue de l'empire romainlatin
92%
Voisin d'IsraëlLiban
90%
2e plus grande ville des États-UnisLos Angeles
89%
Le plus long fleuve de FranceLoire
88%
État américain nommé pour un roi françaisLouisiane
83%
Ancien nom de Saint-PétersbourgLéningrad
74%
La ville natale des BeatlesLiverpool
73%
Pays fondé par des esclaves affranchisLiberia
66%
Compagnie aérienne nationale d'AllemagneLufthansa
61%
Ancienne monnaie italiennelire
58%
La plus grande ville du NigeriaLagos
56%
A la rencontre du Rhône et de la SaôneLyon
55%
Ville suisse située sur le lac LémanLausanne
49%
La nation des Samis dans le nord de
la Finlande, la Russie, la Norvège et la Suède
Laponie
46%
Ville majeure du YorkshireLeeds
34%
Fondateur du taoïsmeLao Tseu
30%
Île grecque de SapphoLesbos
26%
Type de poème ou une ville en IrlandeLimerick
14%
L'île de ManilleLuçon
13%
Culotte courte traditionnelle
souvent portée à l'Oktoberfest
Lederhose
8%

Distribution des résultats

Percentile par nombre de réponses

% des personnes avec chaque résultat

Votre développement - résultats

Vous n’avez pas pris ce quiz